000 00684nam a2200253Ia 4500
003 OSt
005 20220918193201.0
006 a|||||r|||| 00| 0
007 ta
008 220917b |||||||| |||| 00| 0 eng d
024 _a72,173
037 _cTextual
040 _aARTS
_cARTS
_beng
041 _2eng
_aeng
082 _aR4,(Q7), L8-;1
100 _aRazi Muhammad Ibn
_981173
245 0 _aIlm Al-akhlaq tr into english by Saghir Hasan Ma'sumi
260 _aNew Delhi
_bKitab Bhavan
_c1978
300 _axi,334p.
_ccm.
500 _aBib 325-29p.
650 _aETHICS
942 _hR4,(Q7), L8-;1
_cTEXL
_2CC
999 _c198177
_d198177